00258nam a2200085Ia 4500008004100000100002000041245006700061260003600128300000800164201224s9999 xx 000 0 und d aArasaratnam, S. 0aMasulipatnam and Cambay: A history of two port-towns 1500-1800 aNew DelhibMunshiram Manoharlal a314